00542nam a22001937a 450000500170000001000140001702000260003103500130005703700130007008200110008324500800009426000400017427000480021430000280026250000190029060000100030960000140031970000150033320160901162035.0 aENG-99425 a9788184244519c250.00 aEN-82957 bDBAD/PUB a678.32 aTyres in mining and allied sectors status and outlook /cedited by A.K.Basu aNew DelhibAllied Publishers c2009 aA-104, Mayapuri Phase-IIbNew Delhie110064 a181p.:bill.c22cm (Hb) aIncludes index aIndia aMachinery aBasu, A.K.